Rozpočtová klasifikácia

Charakteristika rozpočtovej klasifikácie. Rozpočtové zásady. Štruktúra rozpočtovej klasifikácie. Funkčná klasifikácia. Druhová, organizačná a ekonomická klasifikácia - charakteristika.

Guardado en:
Detalles Bibliográficos
Autor principal: Kubincová, Soňa
Formato: Capítulo de libro
Lenguaje:eslovaco
Materias:
Etiquetas: Agregar Etiqueta
Sin Etiquetas, Sea el primero en etiquetar este registro!

MARC

LEADER 00000naa a2200000 4500
001 0126168
005 20231120115120.4
041 0 |a slo 
044 |a SK 
245 1 0 |a Rozpočtová klasifikácia  |c Soňa Kubincová 
520 |a Charakteristika rozpočtovej klasifikácie. Rozpočtové zásady. Štruktúra rozpočtovej klasifikácie. Funkčná klasifikácia. Druhová, organizačná a ekonomická klasifikácia - charakteristika. 
610 2 0 |a rozpočty 
610 2 0 |a klasifikácia 
610 2 0 |a pravidlá rozpočtové 
610 2 0 |a typológia 
100 1 |a Kubincová, Soňa